[Event "Parana-chT 55th"]
[Site "Maringa"]
[Date "2012.09.26"]
[Round "5.3"]
[White "Verissimo, Joao Gustavo"]
[Black "Fusiger, Eduardo Antonio"]
[Result "1-0"]
[WhiteElo "1781"]
[BlackElo "1720"]
[PlyCount "104"]
[EventDate "2012.09.24"]
[EventType "team-swiss"]
[EventRounds "7"]
[EventCountry "BRA"]
[SourceTitle "EXT 2014"]
[Source "ChessBase"]
[SourceDate "2013.11.20"]
[SourceVersion "1"]
[SourceVersionDate "2013.11.20"]
[SourceQuality "1"]
[WhiteTeam "Londrina"]
[BlackTeam "Foz do Iguacu"]
[WhiteTeamCountry "BRA"]
[BlackTeamCountry "BRA"]

1. c4 e5 2. g3 Nc6 3. Bg2 Nf6 4. Nc3 Bc5 5. d3 d6 6. Nf3 h6 7. 0-0 a6 8. a3 0-0 9. e3 Bg4 10. b4 Ba7 11. Qc2 Qd7 12. Re1 Bh3 13. Bh1 Rfe8 14. Bb2 Ne7 15. Rac1 Ng6 16. a4 c6 17. Nd2 d5 18. b5 axb5 19. axb5 Bf5 20. cxd5 cxd5 21. e4 Be6 22. exd5 Nxd5 23. Nxd5 Bxd5 24. Bxd5 Qxd5 25. Qc4 Qd7 26. Ne4 Rac8 27. Qb3 Bb6 28. Rc4 Red8 29. Rxc8 Rxc8 30. Rc1 Rxc1+ 31. Bxc1 Qc7 32. Qc4 Qd7 33. Ba3 Nf8 34. Nd6 Ne6 35. Qd5 Nd4 36. Kg2 Qe6 37. Qxe6 fxe6 38. Bb2 Nc2 39. Kf1 Bd4 40. Bxd4 Nxd4 41. b6 Nc6 42. Nxb7 Kf7 43. Ke2 Ke7 44. Ke3 Nb8 45. Ke4 Nc6 46. Nc5 Kd6 47. Na6 Na5 48. Nc7 Kc6 49. Nxe6 Kxb6 50. Kxe5 Kc6 51. Nxg7 Kd7 52. Nf5 Nc6+ 1-0